=LDR 00000nam 2200000 4500 =001 INLIS000000000038152 =005 20130612143833 =008 ***********************************ind** =035 ##$$0010-061300000038152 =041 ##$$a ind =082 ##$$a 650.1 =100 ##$$a fithriyani, fauziah =245 ##$$a 5 jurus maut jadi pengusaha muda sukses =260 ##$$a gramedia $b jakarta =300 ##$$a 219 hlm =850 ##$$a NBPNMAT